Eglogues. pour le pianoforte / Vol. 1

Hlavní autor: Tomášek, Václav Jan, 1774-1850
Další autoři: Borková, Alena, 1944-, Straková, Theodora, 1915-2010
Jazyk: Nelze použít, není lingvistický obsah
Vydáno: Praha : Supraphon, 1970
Vydání: 1. vyd.
Edice: Musica Antiqua Bohemica
Fyzický popis: 16, 87 s.
Hudebniny Hudebniny
Uloženo v:
LEADER 00988ncm a22002652a 4500
001 000686767
003 CZ BrMZK
005 20120622085437.0
007 qu
008 030910s1970 xr f zxx d
040 |a BOA001  |b cze  |c BOA001 
072 7 |a 786  |x Hudba pro klávesové nástroje  |2 Konspekt  |9 9 
100 1 |a Tomášek, Václav Jan,  |d 1774-1850  |7 jk01132678  |4 cmp 
245 1 0 |a Eglogues.  |n Vol. 1  |h [hudebnina] :  |b pour le pianoforte /  |c Václav Jan Tomášek ; rev. Alena Borková, předmluvu napsala Theodora Straková 
250 |a 1. vyd. 
260 |a Praha :  |b Supraphon,  |c 1970 
300 |a 16, 87 s. 
490 1 |a Musica Antiqua Bohemica ;  |v 73 
700 1 |a Borková, Alena,  |d 1944-  |7 jo2007376744  |4 edt 
700 1 |a Straková, Theodora,  |d 1915-2010  |7 jk01121332  |4 wfw 
830 0 |a Musica Antiqua Bohemica 
910 |a BOA001  |b Mus4-0654.676,1 
990 |a MU 
991 |b 201206 
996 6 |b 2619308913  |c Mus4-0654.676,1  |l MZK  |r Sklad / do 1 hodiny  |n 2  |w 000686767  |u 000010  |a 1  |e BOA001  |j MZK50  |s P